Quản Trọng và nước Tề thời Xuân Thu
Được xuất bản theo sự thỏa thuận bản quyền giữa dịch giả Ông Văn Tùng với công ty TNHH Phát hành sách Sài Gòn.; Giới thiệu Quản Trọng - nhà cải cách Trung Quốc thời Xuân Thu với cuộc đời, sự nghiệp và các chính sách cải cách xây dựng nưo...
Guardado en:
| Autor principal: | |
|---|---|
| Otros Autores: | |
| Formato: | Libro |
| Lenguaje: | Undetermined |
| Publicado: |
H.
Văn học
2010
|
| Materias: | |
| Acceso en línea: | http://lrc.tdmu.edu.vn/opac/search/detail.asp?aID=2&ID=15224 |
| Etiquetas: |
Agregar Etiqueta
Sin Etiquetas, Sea el primero en etiquetar este registro!
|
| Thư viện lưu trữ: | Trung tâm Học liệu Trường Đại học Thủ Dầu Một |
|---|
| LEADER | 01263nam a2200217Ia 4500 | ||
|---|---|---|---|
| 001 | TDMU_15224 | ||
| 008 | 210410s9999 xx 000 0 und d | ||
| 082 | |a 895.13 | ||
| 090 | |b C108 | ||
| 100 | |a Cao Liên Hân | ||
| 245 | 0 | |a Quản Trọng và nước Tề thời Xuân Thu | |
| 245 | 0 | |c Cao Liên Hân, Ông Văn Tùng (dịch) | |
| 260 | |a H. | ||
| 260 | |b Văn học | ||
| 260 | |c 2010 | ||
| 300 | |a 598tr. + | ||
| 520 | |a Được xuất bản theo sự thỏa thuận bản quyền giữa dịch giả Ông Văn Tùng với công ty TNHH Phát hành sách Sài Gòn.; Giới thiệu Quản Trọng - nhà cải cách Trung Quốc thời Xuân Thu với cuộc đời, sự nghiệp và các chính sách cải cách xây dựng nước Tề và thành quả đạt được trên nhiều lĩnh vực. | ||
| 650 | |a Nước Tề ; Thời Xuân Thu; Quản Trọng (725 - 645 TCN); Tiểu thuyết lịch sử; Văn học Trung Quốc Tiểu thuyết lịch sử | ||
| 700 | |a Ông, Văn Tùng | ||
| 856 | |u http://lrc.tdmu.edu.vn/opac/search/detail.asp?aID=2&ID=15224 | ||
| 980 | |a Trung tâm Học liệu Trường Đại học Thủ Dầu Một | ||